Introduction to topological groups /

Guardado en:
Autor Principal: Higgins, Philip J., 1926-
Formato: Libro
Idioma:English
Publicado: Cambridge : Cambridge University Press, 1974.
Series:London Mathematical Society lecture note series ; 15
Materias:
Etiquetas: Agregar Etiqueta
Sin Etiquetas, Sea el primero en etiquetar este registro!
LEADER 00692cam a2200217 a 4500
001 MAT.inmabb003134
008 750320s1974####enk######b####001#0#eng##
005 20130304105911.0
245 1 0 |a Introduction to topological groups /  |c P. J. Higgins. 
260 |a Cambridge :  |b Cambridge University Press,  |c 1974. 
300 |a v, 109 p. ;  |c 23 cm. 
440 0 |a London Mathematical Society lecture note series ;  |v 15 
504 |a Bibliografía: p. 103. 
510 4 |a MR,  |c 50 #13355 
020 |a 0521205271 
100 1 |a Higgins, Philip J.,  |d 1926- 
650 0 |a Topological groups. 
084 |a 22-01  |2 msc2000 
010 |a  74082222  
040 |a DLC  |c DLC  |d DLC 
859 |h 22  |i H636  |p A-4526  |b BIB. MATEMATICA